Kokoro : japonská moudrost pro dobře prožitý život /
Průvodce, který poradí, jak zpomalit a znovu se spojit se sebou samým, inspirovaný japonskou kulturou, moudrostí a tradicí.
Uloženo v:
| Hlavní autor: | |
|---|---|
| Další autoři: | |
| Médium: | E-kniha |
| Jazyk: | Czech |
| Vydáno: |
V Brně :
Jota,
2024
|
| Vydání: | První vydání |
| Témata: | |
| Tagy: |
Žádné tagy |
| LEADER | 02205cam a2200553 i 4500 | ||
|---|---|---|---|
| 001 | 312534 | ||
| 003 | CZ PrSKC | ||
| 005 | 20260601215724.0 | ||
| 007 | ta | ||
| 008 | 241030s2024 xr e f 000 0 cze d | ||
| 015 | |a cnb003640552 | ||
| 020 | |a 9788076894747 |q (vázáno) | ||
| 035 | |a (OCoLC)1477950077 | ||
| 040 | |a PNA001 |b cze |d ULG001 |d BOA001 |e rda | ||
| 041 | 1 | |a cze |h eng | |
| 043 | |a a-ja--- | ||
| 072 | 7 | |a 17 |x Etika. Morální filozofie |2 Konspekt | |
| 080 | |a 17.02 |2 MRF | ||
| 080 | |a 14(520) |2 MRF | ||
| 080 | |a (520) |2 MRF | ||
| 080 | |a (0.062) |2 MRF | ||
| 100 | 1 | |a Kempton, Beth |7 pna20201095176 |4 aut | |
| 240 | 1 | 0 | |a Kokoro. |l Česky |
| 245 | 1 | 0 | |a Kokoro : |b japonská moudrost pro dobře prožitý život / |c Beth Kemptonová ; překlad Alena Švomová |
| 246 | 3 | 0 | |a Japonská moudrost pro dobře prožitý život |
| 250 | |a První vydání | ||
| 264 | 1 | |a V Brně : |b Jota, |c 2024 | |
| 300 | |a 278 stran ; |c 19 cm | ||
| 336 | |a text |b txt |2 rdacontent | ||
| 337 | |a bez média |b n |2 rdamedia | ||
| 338 | |a svazek |b nc |2 rdacarrier | ||
| 500 | |a Přeloženo z angličtiny | ||
| 504 | |a Obsahuje bibliografii a bibliografické odkazy | ||
| 520 | 2 | |a Průvodce, který poradí, jak zpomalit a znovu se spojit se sebou samým, inspirovaný japonskou kulturou, moudrostí a tradicí. | |
| 546 | |a Český text | ||
| 650 | 0 | 7 | |a životní moudrost |7 ph128026 |z Japonsko |2 czenas |
| 650 | 0 | 7 | |a japonská filozofie |7 ph121290 |2 czenas |
| 650 | 0 | 7 | |a životní harmonie |7 ph138147 |2 czenas |
| 650 | 0 | 9 | |a life wisdom |z Japan |2 eczenas |
| 650 | 0 | 9 | |a Japanese philosophy |2 eczenas |
| 650 | 0 | 9 | |a harmony of life |2 eczenas |
| 655 | 7 | |a populárně-naučné publikace |7 fd131864 |2 czenas | |
| 655 | 9 | |a popular works |2 eczenas | |
| 700 | 1 | |a Švomová, Alena |7 xx0068494 |4 trl | |
| 900 | |a ABA001 |b 20 | ||
| 044 | |a xr | ||
| 910 | |a RBIT002 | ||
| 998 | |d 414866 |a https://core.palmknihy.cz/api/books/414866/cover?slfv31 |b https://core.palmknihy.cz/api/books/414866/cover/400?slfv31 |c https://core.palmknihy.cz/api/books/414866/cover/50?slfv31 |e 2029-04-04 |g 280 |i 9788076894747 |j https://core.palmknihy.cz/api/books/414866/preview.epub |l |q 49 |r 1 |s https://www.palmknihy.cz/kniha/414866 |t ebook |y 2024 |z 0 | ||
| 999 | |d 312532 | ||